00496 a2200109 4500001001000000005001700010008004100027245015500068100002600223773012000249999001700369ART_1565820260410161918.0260409a 10aSupuestos ontólogicos, epistemológicos y éticos que subyacen a la diciplina contabilidad y ubicación de la misma dentro de la tecnofilasofía1 aPiacquadío, Cecilia0 tDocumentos de trabajo de contabilidad, auditoría y responsabilidad socialg- Año 1, Nº 2 (dic. 2011)wREV14385 c27444d27444